[Event "BCF-chT4a 0405 (4NCL)"]
[Site "Telford"]
[Date "2005.01.16"]
[Round "4.5"]
[White "Kamara, Khalid"]
[Black "Savin, Mike"]
[Result "1-0"]
[WhiteElo "1685"]
[BlackElo "1725"]
[PlyCount "101"]
[EventDate "2004.11.06"]
[EventType "team-tourn"]
[EventRounds "11"]
[EventCountry "ENG"]
[SourceTitle "EXT 2006"]
[Source "ChessBase"]
[SourceDate "2005.11.24"]
[SourceVersion "1"]
[SourceVersionDate "2005.11.24"]
[SourceQuality "1"]
[WhiteTeam "Richmond II"]
[BlackTeam "The ADS"]
[WhiteTeamCountry "ENG"]
[BlackTeamCountry "ENG"]

1. e4 d5 2. exd5 Qxd5 3. Nc3 Qd8 4. d4 g6 5. Be2 Bg7 6. Nf3 Nh6 7. Bf4 c6 8. Qd2 Nf5 9. Rd1 Nd7 10. 0-0 0-0 11. Bc4 Nf6 12. Rfe1 Nd6 13. Bxd6 exd6 14. d5 c5 15. h3 a6 16. a4 Bf5 17. Bd3 Bxd3 18. Qxd3 Qc7 19. Nd2 Rfe8 20. Nc4 Rxe1+ 21. Rxe1 Re8 22. Rxe8+ Nxe8 23. a5 Qe7 24. Qe2 Qxe2 25. Nxe2 Nc7 26. Nxd6 Nxd5 27. Nxb7 c4 28. c3 Be5 29. Nc5 Nc7 30. Nd7 Bd6 31. Nb6 Nb5 32. Nxc4 Bc7 33. Nd4 Nxd4 34. cxd4 Kf8 35. Kf1 Ke7 36. Ke2 f6 37. Kd3 h6 38. d5 Kd7 39. Kd4 Bb8 40. Kc5 Bc7 41. Nb6+ Kd8 42. d6 Bb8 43. Kc6 f5 44. d7 Be5 45. b4 g5 46. f3 h5 47. g4 hxg4 48. hxg4 fxg4 49. fxg4 Bc7 50. Na4 Be5 51. Nc5 1-0